| 000 | 00831nam a2200253Ia 4500 | ||
|---|---|---|---|
| 003 | OSt | ||
| 005 | 20221005112656.0 | ||
| 006 | a|||||r|||| 00| 0 | ||
| 007 | ta | ||
| 008 | 221004b |||||||| |||| 00| 0 pan d | ||
| 020 |
_a9788173293037 (hbk) _c300 |
||
| 024 | _a11617 | ||
| 037 |
_b820, 13/03/2014, H.K. Prakashan _cTextual |
||
| 040 |
_aCRL _cCRL _bpan |
||
| 041 |
_2pan _apan |
||
| 082 | _aO41,1x, 153Q4 | ||
| 100 | _aਇੰਦੇ | ||
| 245 | 0 | _aਚੀਨ ਦੀ ਕਵਿਤਾ ਦੇ ਪੰਜ ਪੁਰਾਣੇ ਪੰਨੇ | |
| 260 |
_aਦਿੱਲੀ _bFਿਲਾਲੇਖ ਭਾਰਤ _c2014 |
||
| 300 |
_a176ਪੰ _ccm. |
||
| 650 | _aਪੰਜਾਬੀ ਸਾਹਿਤ | ||
| 942 |
_hO41,1x, 153Q4 _cTEXL _2cc |
||
| 999 |
_c1025626 _d1025626 |
||